[Event "FRA-chT Top 12 2019"]
[Site "Brest"]
[Date "2019.05.18"]
[Round "1.1"]
[White "Rodshtein, Maxim"]
[Black "Gharamian, Tigran"]
[Result "1-0"]
[WhiteElo "2699"]
[BlackElo "2602"]
[Annotator "TA"]
[PlyCount "107"]
[EventDate "2019.05.18"]
[EventType "team-tourn"]
[EventCountry "FRA"]
[SourceTitle "playchess.com"]
[Source "ChessBase"]
[SourceQuality "1"]

{[%evp 15,107,29,31,26,33,22,31,24,32,33,47,38,72,42,54,58,94,92,89,93,111,112,199,208,196,193,185,200,213,188,203,172,150,113,116,113,113,112,126,113,115,115,187,183,180,175,243,243,257,245,238,238,258,218,230,225,225,209,226,166,162,161,155,169,172,172,172,172,139,121,304,302,328,320,690,717,698,683,692,670,654,564,541,444,663,362,662,651,623,608,556,541,508,484]} 1. c4 Nf6 2. Nc3 e6 3. e4 c5 4. e5 Ng8 5. Nf3 d6 6. exd6 Bxd6 7. d4 cxd4 8. Nxd4 a6 9. Be3 {A19: English Opening: Flohr-Mikenas System with 3...c5} (9. Be2 Nf6 10. O-O O-O 11. Bg5 Qc7 12. Ndb5 axb5 13. Nxb5 Bxh2+ 14. Kh1 Qe7 15. g3 h6 16. Be3 Bxg3 17. fxg3 {0-1 (36) Holzke,F (2497)-Baklan,V (2620) Biel 2011}) 9... Nf6 10. g3 e5 11. Nb3 {White is slightly better.} O-O 12. Bg2 Nc6 13. O-O h6 14. Rc1 $146 ({Predecessor:} 14. Qd2 Bb4 15. Qxd8 Rxd8 16. Bb6 Re8 {1-0 (40) Ragozin,E (2335)-Budnikov,A (2440) Cologne 1991}) 14... Re8 15. Qd2 Bb4 16. Qxd8 Rxd8 17. Nd5 Nxd5 18. cxd5 Ne7 (18... Nd4 $16) 19. a3 $18 {Threatens to win with Bb6.} Bd6 20. Bb6 Re8 21. Na5 Nf5 22. Rfe1 Bf8 23. f4 e4 24. Nc4 Nd6 25. Nxd6 Bxd6 26. Rxe4 Rxe4 27. Bxe4 Bd7 28. b4 Rc8 (28... g5 $16 {is a better defense.}) 29. Rxc8+ Bxc8 {[%mdl 4096] Endgame KBB-KBB} 30. Bc5 Bc7 (30... Bb8 $142 31. Kf2 f5) 31. d6 Bd8 32. Kf2 b6 33. Bd4 Bd7 34. Ke3 Kf8 35. Bd3 b5 36. Be4 a5 37. Kd3 axb4 38. axb4 g6 39. Ke3 f5 40. Bd5 Ke8 41. Bg7 {And now Kd4 would win.} Bb6+ 42. Kf3 h5 $2 (42... Ba7 $16 43. Bh8 (43. Bxh6 Bb8 $16) 43... Bb8) 43. Bf6 Kf8 {[#]} 44. Kg2 $1 Be3 $2 {[#]} (44... h4 45. Bxh4 (45. gxh4 Be3 $16) 45... Bd4 46. Be7+ Kg7) 45. Kh3 $1 {[%cal Rh3h4]} Bd2 46. Kh4 Bxb4 47. Be5 Ba5 {intending ...Bd8+.} 48. Kg5 Be8 49. Bf6 Bb4 (49... b4 $142 50. Kh6 Bf7) 50. Be7+ Kg7 51. Be6 {White is clearly winning.} Kh7 52. Bf8 Bc5 53. Kf6 ({Worse is} 53. d7 Bxd7 54. Bxc5 Bxe6 $11) 53... b4 54. d7 {Accuracy: White = 84%, Black = 56%.} 1-0

[Event "FRA-chT Top 12 2019"]
[Site "Brest"]
[Date "2019.05.18"]
[Round "1.1"]
[White "Malakhov, Vladimir"]
[Black "Vachier-Lagrave, Maxime"]
[Result "1/2-1/2"]
[WhiteElo "2660"]
[BlackElo "2780"]
[Annotator "TA"]
[PlyCount "111"]
[EventDate "2019.05.18"]
[EventType "team-tourn"]
[EventCountry "FRA"]
[SourceTitle "playchess.com"]
[Source "ChessBase"]
[SourceQuality "1"]

{[%evp 18,111,14,5,20,27,20,33,30,23,29,32,47,45,77,64,59,59,69,79,67,74,72,70,57,60,56,77,72,63,71,65,92,64,72,72,61,48,48,43,50,50,50,50,50,50,50,39,50,30,32,23,27,6,68,24,48,15,61,23,64,46,66,59,54,62,62,56,50,46,46,11,12,12,14,12,55,55,57,55,57,8,8,13,14,14,14,14,14,14,14,14,14,0,0,0]} 1. Nf3 c5 2. c4 Nf6 3. Nc3 d5 4. cxd5 Nxd5 5. e3 Nxc3 6. bxc3 g6 7. Bb5+ Bd7 8. Be2 Bg7 9. O-O O-O 10. d4 Bc6 {A34: Symmetrical English: 2 Nc3, lines with ...d5} 11. Ba3 cxd4 12. cxd4 Re8 {White is slightly better.} 13. Rc1 {[#]} e6 $146 ({Predecessor:} 13... Qa5 14. Qb3 Nd7 15. Bb4 Qf5 16. Bd3 Qh5 17. e4 e6 18. h3 {1-0 (29) Nakamura,H (2746)-Vachier Lagrave,M (2781) London 2018}) 14. Nd2 Nd7 15. Bf3 Bb5 {[#]} 16. Re1 $1 ({Reject} 16. Bxb7 Rb8 $15) 16... Qa5 17. Qb3 Bf8 18. Bxf8 Rxf8 19. Qc3 Qxc3 20. Rxc3 Rac8 21. Rec1 Rxc3 22. Rxc3 e5 23. Bxb7 exd4 24. exd4 Nb6 25. Rb3 Ba4 26. Rb4 Re8 27. g4 Re2 28. Nc4 Rxa2 29. Nxb6 axb6 30. Rxb6 $14 {[%mdl 4096] Endgame KRB-KRB} Rd2 31. Rb4 Bd7 32. Bf3 Kf8 33. h4 h6 34. d5 Ke7 35. Rb7 Kd6 (35... Rd4 $11) 36. Kg2 Rc2 37. Kg3 Rc7 38. Rb8 Rc8 39. Rb6+ Ke5 40. Rb7 Rd8 41. g5 hxg5 $1 42. hxg5 Be8 43. Bg2 Ra8 $1 44. Re7+ Kd6 45. Re2 Bd7 $1 46. Be4 Bb5 47. Rb2 Bc4 48. Rb7 Re8 49. f3 (49. Bg2 $5 {[%cal Rb7f7]} Re7 50. Rb6+ Kc5 51. d6 $14) 49... Re7 $1 {[%cal Re7b7] The position is equal.} 50. Rb4 Rc7 51. Rb6+ Kc5 52. Rc6+ Rxc6 53. dxc6 {[#] And now c7 would win.} Kd6 54. Kf4 Bb3 $1 55. Ke3 Ba4 56. Kd4 {Accuracy: White = 57%, Black = 69%.} 1/2-1/2

[Event "FRA-chT Top 12 2019"]
[Site "Brest"]
[Date "2019.05.18"]
[Round "1.1"]
[White "Karthikeyan, Murali"]
[Black "Amin, Bassem"]
[Result "0-1"]
[WhiteElo "2596"]
[BlackElo "2704"]
[Annotator "TA"]
[PlyCount "79"]
[EventDate "2019.05.18"]
[EventType "team-tourn"]
[EventCountry "FRA"]
[SourceTitle "playchess.com"]
[Source "ChessBase"]
[SourceQuality "1"]

{[%evp 20,79,28,28,30,29,23,23,29,42,28,19,68,52,56,90,50,-27,-22,-27,-20,-47,-51,-54,-54,-60,-65,-60,0,-39,-17,-181,-187,-207,-182,-210,-135,-189,0,0,0,0,0,0,0,-21,0,0,0,0,0,0,0,0,0,0,0,0,8,-6303,-6119,-1880]} 1. e4 e5 2. Nf3 Nc6 3. Bb5 a6 4. Ba4 Nf6 5. O-O Be7 6. d3 d6 7. c3 O-O 8. Re1 Re8 9. Nbd2 Bf8 10. h3 b5 11. Bc2 Bb7 {C87: Closed Ruy Lopez: Steinitz-type lines after 6 Re1 d6} 12. a4 (12. Nf1 h6 13. Ng3 d5 14. Qe2 g6 15. h4 dxe4 16. dxe4 Na5 17. h5 c5 18. hxg6 fxg6 19. Nh4 {1-0 (38) Nisipeanu,L (2670)-Predke,A (2611) Skopje 2019}) 12... Nb8 13. b4 c5 {White has an edge.} 14. bxc5 dxc5 15. Rb1 Bc6 $146 ({Predecessor:} 15... Nc6 16. Nc4 bxc4 17. Rxb7 Na5 18. Rb1 cxd3 19. Qxd3 {½-½ (27) Williams,R (2186)-Ferre Perez,A (2161) ICCF email 2017}) 16. d4 cxd4 17. cxd4 exd4 18. Bb2 (18. e5 $14 d3 19. Bb3 bxa4 20. Bc4) 18... d3 $11 19. Bb3 bxa4 20. Ba2 Ra7 {[%cal Rf6e4]} 21. Bd4 Rae7 $1 {[%cal Rf6e4]} 22. Bxf6 gxf6 23. Nh4 $1 Nd7 ({Black should try} 23... Bxe4 $15 24. Rxe4 Rxe4 25. Nxe4 Rxe4) 24. Nf5 Ne5 25. h4 $2 (25. Nxe7+ $11 Rxe7 26. Qh5) 25... Rb7 $19 26. Rxb7 Bxb7 27. f4 Ng6 28. h5 {[#]} Bc8 $2 (28... Bb4 $1 $19 29. Qg4 {[%mdl 64] Pin} Kf8) 29. hxg6 $11 hxg6 30. Ne3 Bc5 31. Qxa4 {Strongly threatening Bxf7+!} Kg7 $1 32. Qc4 Bxe3+ 33. Rxe3 Be6 $36 {[%mdl 2048] Black has good play.} 34. Qa4 {Hoping for Bxe6.} Qb6 35. Kf2 Rc8 $1 {[%cal Rc8c2] White must now prevent ...Rc2!} 36. Bxe6 Rc2 37. Kf3 Rxd2 38. Bh3 Qb1 {And now ...Rb2 would win.} 39. Kg3 $2 {[%mdl 8192] [#]} (39. Qd4 $11 Qf1+ 40. Kg4) 39... Re2 $1 $19 40. Rf3 {Accuracy: White = 42%, Black = 69%.} 0-1

[Event "FRA-chT Top 12 2019"]
[Site "Brest"]
[Date "2019.05.18"]
[Round "1.1"]
[White "Donchenko, Alexander"]
[Black "Nihal Sarin"]
[Result "1-0"]
[WhiteElo "2595"]
[BlackElo "2598"]
[Annotator "RC"]
[PlyCount "77"]
[EventDate "2019.05.18"]
[EventType "team-tourn"]
[EventCountry "FRA"]
[SourceTitle "playchess.com"]
[Source "ChessBase"]
[SourceQuality "1"]
[TimeControl "40/5400+30:1800+30"]

1. d4 {[%emt 0:00:00]} Nf6 {[%emt 0:00:00]} 2. c4 {[%emt 0:00:00]} e6 {[%emt 0:00:11]} 3. Nc3 {[%emt 0:00:17]} Bb4 {[%emt 0:01:07]} 4. e3 {[%emt 0:00:23]} O-O {[%emt 0:01:39]} 5. Bd3 {[%emt 0:00:52]} c5 {[%emt 0:01:05]} 6. Nf3 {[%emt 0:03:13]} d5 {[%emt 0:02:03]} 7. O-O {[%emt 0:04:22]} cxd4 {[%emt 0:08:00]} 8. exd4 {[%emt 0:00:19]} dxc4 {[%emt 0:00:06]} 9. Bxc4 {[%emt 0:00:08]} b6 {[%emt 0:00:06]} 10. Bg5 {[%emt 0:00:33]} Bb7 {[%emt 0:01:18]} 11. Ne5 {[%emt 0:02:05]} Nbd7 {[%emt 0:02:27]} 12. Qe2 {[%emt 0:04:12]} Bxc3 {[%emt 0:07:11]} 13. bxc3 {[%emt 0:02:07]} Rc8 {[%emt 0:00:09]} 14. Rac1 {[%emt 0:02:38]} Nxe5 {[%emt 0:11:00]} 15. dxe5 {[%emt 0:00:31]} Rc5 {[%emt 0:00:07]} 16. Bd3 {[%emt 0:04:23]} Qc7 {[%emt 0:11:49]} 17. Bxf6 {[%emt 0:04:54]} gxf6 {[%emt 0:00:45]} 18. Qh5 {[%emt 0:00:14]} f5 {[%emt 0:00:53]} 19. Qg5+ {[%emt 0:00:43]} Kh8 {[%emt 0:00:18]} 20. Qf6+ {[%emt 0:00:08]} Kg8 {[%emt 0:00:01]} 21. Rfe1 {[%emt 0:00:54]} Qd8 {[%emt 0:12:35]} 22. Qh6 {[%emt 0:00:51]} Kh8 {[%emt 0:04:44]} 23. Rcd1 {[%emt 0:09:39]} Rg8 {[%emt 0:00:38]} 24. Bxf5 {[%emt 0:09:19]} Rxg2+ {[%emt 0:16:23]} 25. Kf1 {[%emt 0:00:24]} Rg1+ {[%emt 0:12:58]} 26. Kxg1 {[%emt 0:00:17]} Qg8+ {[%emt 0:00:01]} 27. Bg6 {[%emt 0:00:12]} Bd5 {[%emt 0:00:41]} 28. Qxh7+ {[%emt 0:01:59]} Qxh7 {[%emt 0:00:02]} 29. Bxh7 {[%emt 0:00:11]} Kxh7 {[%emt 0:00:01]} 30. Re3 {[%emt 0:00:57]} Kg6 {[%emt 0:00:59]} 31. Rd4 {[%emt 0:03:17]} Rb5 {[%emt 0:00:53]} 32. Rb4 {[%emt 0:00:39]} Ra5 {[%emt 0:00:08]} 33. Rf4 {[%emt 0:03:21]} Kg7 {[%emt 0:02:49]} 34. c4 {[%emt 0:01:15]} Ra4 {[%emt 0:00:19]} 35. Rd3 {[%emt 0:02:18]} Kf8 {[%emt 0:02:08]} 36. Rdd4 {[%emt 0:01:31]} Bc6 {[%emt 0:00:01]} 37. Rd6 {[%emt 0:00:22]} Be8 {[%emt 0:00:48]} 38. Rxe6 {[%emt 0:02:30]} Rxa2 {[%emt 0:00:36]} 39. h4 {[%emt 0:00:17]} 1-0

[Event "FRA-chT Top 12 2019"]
[Site "Brest"]
[Date "2019.05.18"]
[Round "1.1"]
[White "Fedorov, Alexei"]
[Black "Kosten, Anthony C."]
[Result "1-0"]
[WhiteElo "2566"]
[BlackElo "2419"]
[Annotator "TA"]
[PlyCount "117"]
[EventDate "2019.05.18"]
[EventType "team-tourn"]
[EventCountry "FRA"]
[SourceTitle "playchess.com"]
[Source "ChessBase"]
[SourceQuality "1"]

{[%evp 18,117,0,-1,0,-9,-10,-12,-9,-10,-5,-12,0,-2,43,34,50,10,14,8,36,35,276,295,284,288,291,278,577,588,567,569,675,669,663,585,672,660,685,683,685,676,638,101,240,226,212,194,315,236,191,195,189,192,173,184,189,177,210,221,216,215,204,0,207,191,256,245,239,216,286,278,266,183,222,218,307,301,364,360,335,311,324,312,375,377,359,367,338,218,335,327,327,316,526,358,535,503,612,533,681,664]} 1. e4 e5 2. Nc3 Nf6 3. g3 d5 4. exd5 Nxd5 5. Nf3 Nc6 6. Bg2 Nxc3 7. bxc3 Bc5 8. O-O O-O 9. d3 Bg4 10. h3 Bh5 {C47: Scotch Four Knights and Four Knights with 4 g3} 11. g4 Bg6 12. Ng5 $1 (12. Re1 e4 13. dxe4 Qxd1 14. Rxd1 Bxe4 15. Nd4 Bxg2 16. Kxg2 Rfd8 17. Be3 Ne5 18. Bf4 {½-½ (33) Mamedyarov,S (2801)-Giri,A (2782) chess.com INT 2018}) 12... Qd7 {The position is equal.} 13. h4 f6 14. Ne4 Bxe4 $146 ({Predecessor:} 14... Bb6 15. Ba3 Ne7 16. Nc5 Bxc5 17. Bxc5 c6 18. d4 {½-½ (41) Geenen,M (2347)-Haznedaroglu,K (2187) Batumi 1999}) 15. Bxe4 Ne7 16. Bxb7 Rab8 17. Bg2 f5 18. gxf5 Nxf5 19. Qg4 Rb6 $2 (19... Qf7 $14) 20. Qc4+ $18 {[%mdl 64] Double Attack} Rf7 21. Bd5 $1 (21. Qxc5 Nxh4 22. Qd5 Qg4 $11) 21... Rg6+ 22. Kh2 $1 Nd6 $2 (22... Bb6 {keeps fighting.} 23. Bxf7+ Qxf7 24. Qxf7+ Kxf7) 23. Qxc5 Kh8 24. Rb1 {And now Rb8+ would win.} h6 25. Rb8+ Kh7 26. Rb4 e4 27. Rxe4 Rf5 28. Qc6 Qd8 {...Rh5 is the strong threat.} 29. Qa8 Nc8 {intending ...Rh5.} 30. Be3 $2 (30. Be6 $18 {is more deadly.} Qd6+ 31. f4 Rxe6 32. Qxc8) 30... Rxd5 (30... Rh5 $16 31. Be6 Rxe6) 31. Rg1 Rxg1 32. Kxg1 Rb5 (32... Qd7 $142 33. Bf4 Ra5) 33. Bd4 Qd7 34. Re3 Nd6 35. Rg3 (35. Qxa7 Rb1+ 36. Kh2 Qg4 $11) 35... Nf5 36. Qe4 $1 {Threatens to win with Rxg7+.} ({Not} 36. Bxa7 $2 Nxg3 37. fxg3 c6 $19) 36... Kg8 37. Rg6 ({Stronger than} 37. Bxa7 Nxg3 38. fxg3 Ra5 $15) 37... Qf7 38. Re6 $1 Nd6 39. Qg4 Nf5 40. Qe4 Nd6 $1 {[%cal Rd6e4]} 41. Qg6 Qxg6+ (41... Rb2 $142 42. a4 Rxc2) 42. Rxg6 {[%mdl 4096] Endgame KRB-KRN} Nf5 43. Rc6 Ra5 44. Rxc7 Rxa2 45. Rxa7 ({But not} 45. Bxa7 $6 Nxh4 46. d4 Rxc2 $18) 45... Rxc2 {[#]} 46. Be5 $1 Rd2 (46... h5 $142 47. c4 Kf8) 47. d4 Rd3 {[#]} 48. Rc7 $1 Rd1+ 49. Kh2 Rd2 50. Bg3 h5 51. Rc5 g6 52. d5 Kf7 53. Rc7+ Kf6 (53... Ke8 $142 54. c4 Rd4) 54. Rc6+ Kf7 55. c4 {[%cal Bc3c4,Bc4c5][%mdl 32]} Rc2 $2 (55... Rd4 56. Kh3 Rd3) 56. Kg1 Nd4 (56... Rd2 $142 57. Kg2 Rd1) 57. Rc7+ {White is clearly winning.} Kf6 58. c5 Kf5 59. d6 {Accuracy: White = 80%, Black = 37%.} 1-0

[Event "FRA-chT Top 12 2019"]
[Site "Brest"]
[Date "2019.05.18"]
[Round "1.1"]
[White "Velten, Paul"]
[Black "Hera, Imre Jr."]
[Result "1/2-1/2"]
[WhiteElo "2507"]
[BlackElo "2611"]
[Annotator "TA"]
[PlyCount "93"]
[EventDate "2019.05.18"]
[EventType "team-tourn"]
[EventCountry "FRA"]
[SourceTitle "playchess.com"]
[Source "ChessBase"]
[SourceQuality "1"]

{[%evp 9,93,13,14,0,-10,0,0,0,10,-12,18,-6,0,-32,-33,-22,-20,-26,-27,-42,-31,-22,-12,-47,-25,-43,-33,-43,-39,-45,-51,-45,-14,-27,-21,-28,-29,-35,-37,-48,-50,-61,-45,-61,-37,-66,-65,-86,-86,-86,-86,-115,-99,-104,-99,-101,-91,-120,-127,-245,-259,-251,-255,-260,-259,-252,-252,-262,-234,-227,-217,-217,-115,-118,0,0,0,0,0,0,0,0,0,0,0,0]} 1. d4 d5 2. c4 e6 3. Nf3 Nf6 4. Nc3 dxc4 5. e4 Bb4 6. Bxc4 {D24: Queen's Gambit Accepted: 3 Nf3 Nf6 4 Nc3} (6. Bg5 c5 7. Bxc4 cxd4 8. Nxd4 Bxc3+ 9. bxc3 Qa5 10. Bd2 O-O 11. Qe2 e5 12. Nb3 Qc7 13. O-O Bg4 14. f3 Rc8 15. Bd5 Nxd5 16. exd5 Bh5 17. c4 {1-0 (38) Carlsen,M (2845)-Aronian,L (2763) Karlsruhe/Baden Baden 2019}) 6... Nxe4 7. O-O Nxc3 8. bxc3 Be7 9. Ne5 O-O 10. Qh5 Nd7 $146 {[%cal Bb8d7,Bd7f6,Bf6d5][%mdl 32]} ({Predecessor:} 10... Qe8 11. Qe2 c5 12. f4 cxd4 13. cxd4 Nc6 {0-1 (34) Douissa,O (2270)-Talbi,C (2250) Oran 2017}) 11. Bf4 Nf6 12. Qf3 Nd5 13. Bg3 c6 14. Bb3 f6 15. Nc4 b5 16. Ne3 Bd7 17. c4 bxc4 18. Nxc4 Be8 19. Nb2 Bf7 20. Na4 Bd6 21. Rac1 Rc8 22. Bxd5 exd5 23. Bxd6 Qxd6 24. Nc5 Rfe8 25. Rfe1 Bg6 26. g3 Re7 27. Qc3 Rce8 28. Kf1 Bf5 29. f3 Qb8 30. a4 h5 31. Rxe7 Rxe7 32. Kf2 Kf7 33. Qd2 {[#]} h4 $1 {[%mdl 512]} 34. Rc3 (34. a5 $17) (34. gxh4 Qxh2+) 34... hxg3+ $1 $19 35. hxg3 Qh8 $1 {[%cal Rh8h2] ( -> ...Qh2+)} 36. Kg1 Qh3 37. Qf2 {[#]} Re8 $1 38. Rc1 Rh8 {[%csl Gh8][%cal Rh3h1]} 39. Qg2 Qh6 40. Re1 {[#]} Qg5 (40... Bc8 $1 $19 41. Nd3 Qh7) 41. g4 $17 Qf4 ({Black should play} 41... Bc8 $17 42. Qg3 Kg6) 42. gxf5 $11 {Intending Qg6+ and mate.The position is equal.} Qxd4+ {[%mdl 64] Double Attack} 43. Kf1 $1 {Threatening mate with Qg6+.} Qc4+ 44. Re2 {Hoping for Qg6+.} Qc1+ 45. Re1 $1 Qc4+ 46. Re2 {Qg6+ is the strong threat.} Qc1+ 47. Re1 $1 {Accuracy: White = 54%, Black = 73%.} 1/2-1/2

[Event "FRA-chT Top 12 2019"]
[Site "Brest"]
[Date "2019.05.18"]
[Round "1.2"]
[White "Harikrishna, Pentala"]
[Black "Balogh, Csaba"]
[Result "1-0"]
[WhiteElo "2730"]
[BlackElo "2598"]
[Annotator "TA"]
[PlyCount "71"]
[EventDate "2019.05.18"]
[EventType "team-tourn"]
[EventCountry "FRA"]
[SourceTitle "playchess.com"]
[Source "ChessBase"]
[SourceQuality "1"]

{[%evp 9,71,8,15,12,20,25,24,13,27,8,9,12,19,18,10,4,12,0,10,0,0,0,0,0,0,0,22,42,37,24,33,22,21,8,21,12,22,0,16,0,0,-12,132,137,154,152,142,151,204,165,167,161,228,213,206,208,518,513,527,515,672,574,1448,1206]} 1. e4 e5 2. Nf3 Nc6 3. Bc4 Bc5 4. c3 Nf6 5. d3 d6 6. a4 {aiming for b4. C54: Giuoco Piano: 4 c3 Nf6, main lines with 5 d4 and 5 d3} (6. O-O O-O 7. Re1 a5 8. h3 h6 9. Nbd2 Be6 10. Bb5 Qb8 11. Bxc6 bxc6 12. d4 exd4 13. cxd4 Bb4 14. a3 Bxd2 15. Nxd2 {½-½ (43) Giri,A (2797)-Ding,L (2809) Shenzhen 2019}) 6... a6 7. O-O Ba7 8. Na3 {White has an edge.} O-O 9. Nc2 Ne7 10. Be3 Ng6 11. Bxa7 Rxa7 12. Re1 c6 13. Bb3 Re8 $146 ({Predecessor:} 13... Ra8 14. Ne3 Qc7 15. Qc2 h6 {½-½ (41) Bulmaga,I (2394)-Ambartsumova,K (2386) Valjevo 2018}) 14. d4 Bg4 15. h3 Bxf3 16. Qxf3 Qb6 17. Ra3 d5 18. exd5 e4 $1 {[%cal Re4f3]} 19. Qg3 {And now a5 would win.} cxd5 20. Ne3 Qd8 21. c4 Nh5 22. Qg4 Nf6 23. Qg3 {[%cal Re3d5]} Nh5 24. Qh2 dxc4 25. Nxc4 Nhf4 {[#]} (25... b6 $11) 26. Ne5 $1 $16 {[%cal Bc4e5,Be5g6,Bg6f4,Bf4d5,Bd5e3,Be3f5][%mdl 544]} Nd5 (26... Nxe5 27. Qxf4) 27. Rxe4 Ra8 {and if ...f6 works, Black does fine.} 28. Qg3 {Threatens to win with Nxf7!} f6 (28... Re7 $16) 29. Nxg6 {Rxe8+ would kill now.} Rxe4 30. Nf4 $1 Kh8 (30... Rxf4 {might work better.} 31. Qxf4 Qd7) 31. Nxd5 $40 {[%mdl 128] White has strong attack.} Rxd4 32. Ne3 Rc8 $2 {[#]} (32... Rd2 {is more resistant.} 33. Ra1 Rc8) 33. Nf5 $1 {[%csl Gf5][%cal Rg3g7] White is clearly winning.} Rd7 34. Be6 {Rd3! is the strong threat.} Rd1+ 35. Kh2 {[%csl Gf5][%cal Rg3g7]} Rc7 {Now ...g6 and Black clings on.} 36. Rc3 {Accuracy: White = 57%, Black = 42%.} 1-0

[Event "FRA-chT Top 12 2019"]
[Site "Brest"]
[Date "2019.05.18"]
[Round "1.2"]
[White "Gledura, Benjamin"]
[Black "Solodovnichenko, Yuri"]
[Result "1-0"]
[WhiteElo "2645"]
[BlackElo "2572"]
[Annotator "TA"]
[PlyCount "55"]
[EventDate "2019.05.18"]
[EventType "team-tourn"]
[EventCountry "FRA"]
[SourceTitle "playchess.com"]
[Source "ChessBase"]
[SourceQuality "1"]

{[%evp 19,75,2,15,0,8,0,0,0,0,0,12,5,6,0,0,0,0,0,-7,0,213,224,212,212,278,267,272,255,304,299,305,305,304,305,299,304,297,297,289,285,281,279,264,268,710,710,710,710,710,704,710,708,699,699,787,708,1975,1974]} 1. Nf3 d5 2. c4 c6 3. d4 Nf6 4. e3 e6 5. b3 Ne4 6. Nbd2 f5 7. g3 Bd6 8. Bg2 O-O 9. O-O Nd7 10. Bb2 b6 11. Ne1 {E01: Catalan: Early deviations} Ba6 12. Nd3 Rc8 13. Rc1 {The position is equal.} Qe7 14. Nf3 Rfd8 $146 ({Predecessor:} 14... Qe8 15. Re1 Rc7 16. cxd5 exd5 17. Rc2 Rf6 18. Nfe5 Bxe5 19. Nxe5 Nxe5 20. dxe5 {0-1 (40) Gausel,E (2500)-Fyllingen,R (2330) Norway 1993}) 15. Re1 Bb7 16. Rc2 c5 17. Qe2 Ba6 18. Rec1 dxc4 19. bxc4 b5 $2 {[#]} (19... Rc7 $11) 20. Nxc5 $1 $18 Ndxc5 21. cxb5 ({Not} 21. dxc5 Rxc5 22. Nd4 bxc4 $14) 21... Bb7 {White must now prevent ...Na4.} 22. dxc5 Rxc5 23. Nd4 Rdc8 {[#]} 24. Nc6 $1 {[%mdl 512]} Bxc6 25. Rxc5 ({Less strong is} 25. bxc6 R8xc6 26. Bxe4 fxe4 $16) 25... Bxc5 26. bxc6 Rxc6 27. Bxe4 fxe4 {[#]} 28. Be5 {Played: Bb2-a3} 1-0

[Event "FRA-chT Top 12 2019"]
[Site "Brest"]
[Date "2019.05.18"]
[Round "1.2"]
[White "Bauer, Christian"]
[Black "Fressinet, Laurent"]
[Result "1/2-1/2"]
[WhiteElo "2643"]
[BlackElo "2640"]
[Annotator "TA"]
[PlyCount "34"]
[EventDate "2019.05.18"]
[EventType "team-tourn"]
[EventCountry "FRA"]
[SourceTitle "playchess.com"]
[Source "ChessBase"]
[SourceQuality "1"]

{[%evp 14,34,15,0,17,8,14,11,0,0,0,-16,-15,-18,-20,-12,3,-57,-56,-54,-27,-34,-18]} 1. c4 e6 2. Nf3 d5 3. e3 Nf6 4. b3 c5 5. Bb2 Nc6 6. cxd5 exd5 7. Bb5 Bd6 8. O-O O-O {A13: English Opening: 1...e6} 9. d4 cxd4 10. Nxd4 Bc7 {The position is equal.} (10... Qb6 11. Bd3 Be5 12. Qd2 Nxd4 13. exd4 Bd6 14. Nc3 Bd7 15. Rfe1 Rfe8 {0-1 (62) Mamedyarov,S (2801)-Giri,A (2782) chess.com INT 2018}) 11. Nf3 $146 ({Predecessor:} 11. Bxc6 bxc6 12. Qc2 c5 13. Nf3 Bd6 14. Nbd2 Bg4 15. h3 Bh5 16. Nh4 {½-½ (32) Malakhov,V (2691)-Bluebaum,M (2633) Brest 2018}) 11... Bg4 12. Be2 Re8 13. Nc3 a6 14. Rc1 Rc8 (14... Qd6 $5 15. g3 $8 Bf5 $11) 15. Re1 (15. Nd4 $11 Qd6 16. g3) 15... Qd6 $15 {[#] Strongly threatening ...d4!} 16. g3 h5 17. a3 Bb8 {Accuracy: White = 40%, Black = 70%.} 1/2-1/2

[Event "FRA-chT Top 12 2019"]
[Site "Brest"]
[Date "2019.05.18"]
[Round "1.2"]
[White "Van Foreest, Jorden"]
[Black "Praggnanandhaa R"]
[Result "1/2-1/2"]
[WhiteElo "2601"]
[BlackElo "2536"]
[Annotator "TA"]
[PlyCount "69"]
[EventDate "2019.05.18"]
[EventType "team-tourn"]
[EventCountry "FRA"]
[SourceTitle "playchess.com"]
[Source "ChessBase"]
[SourceQuality "1"]

{[%evp 20,69,15,10,18,0,0,0,0,0,26,6,27,23,25,20,11,0,0,0,0,0,0,0,0,0,0,0,0,0,0,-51,18,17,44,43,27,35,55,0,0,0,7,0,0,0,0,0,0,0,0,0]} 1. e4 c5 2. Nf3 Nc6 3. Bb5 g6 4. O-O Bg7 5. c3 Nf6 6. Re1 O-O 7. d4 cxd4 8. cxd4 d5 9. e5 Ne4 10. Nc3 Bf5 11. Bd3 {[%cal Rc3e4]} Nxc3 {B31: Sicilian: 2...Nc6 3 Bb5 g6} 12. bxc3 Qd7 13. Bxf5 Qxf5 {[#]} 14. Qb3 $146 ({Predecessor:} 14. Qe2 b6 15. e6 fxe6 16. Qxe6+ Qxe6 17. Rxe6 Rf6 18. Re2 Rf5 19. Re6 Rf6 20. Re2 {½-½ (20) Vayser,V (2569)-Kurgansky,V (2451) ICCF email 2010}) 14... Qd7 15. h4 h6 16. Qb1 Qe6 17. h5 ({Much worse is} 17. Qxb7 Rab8 $17) 17... g5 18. Be3 ({Much weaker is} 18. Qxb7 Rab8 $17) 18... Na5 19. Nh2 Nc4 20. Qd3 f6 21. exf6 Qxf6 22. Qe2 Rae8 23. Rad1 Qf7 24. Ng4 Kh8 25. Ne5 ({White should play} 25. Bc1 $11) 25... Nxe5 ({Black should try} 25... Bxe5 $15 26. dxe5 e6) 26. dxe5 $11 Bxe5 27. Rd3 Bb8 28. Bc5 {And now Re3 would win.} b6 29. Rf3 (29. Ba3 $14) 29... Bf4 $1 {The position is equal.} 30. Bd4+ Kg8 $132 {[%mdl 2048] Threatens to win with ...e5. Black puts up resistance} 31. g3 e5 $1 {[%cal Re5d4]} 32. Bxe5 Rxe5 33. Qxe5 Bxe5 34. Rxf7 Kxf7 35. Rxe5 {Accuracy: White = 76%, Black = 65%.} 1/2-1/2